000
00293nam a22001337a 4500
008
170511b xxu||||| |||| 00| 0 eng d
020
_a
9780735588257
041
_a
eng
080
_2
5 ED
_a
34
100
_a
15
101
_a
SHJ
245
_a
CONSTITUTIONAL LAW
_c
MAY.CH.N
942
_2
udc
_c
BK
999
_c
13180
_d
13180